000 01905cam a22001934a 4500
005 20250605164105.0
008 250528s ||||||||||||||||||||||||d
035 _a17719
020 _a9789606698477
040 _aGR-AtMCL
_bgre
_dGR-AtMCL
_eAACR2
245 1 _aΈνας Kόσμος χωρίς τη Wall Street; / Προτάσεις για ένα Νέο Παγκόσμιο Οικονομικό Σύστημα
260 _bΗμερησία Α.Ε,
_c2014
300 _a224
520 _aΓια να σταματήσει κάθε κερδοσκοπία πάνω στα επιτόκια και στις συναλλαγματικές ισοτιμίες, πρέπει να διήμιουργήσουμε ένα διεθνές νομισματικό σύστημα που να επιτρέπει τη διαχείριση του νομίσματος. Εισαγωγή, Ο Κόσμος χωρίς τη Wall Street: Το Αδιέξοδο, Η Παντοδυναμία του Παγκοσμιοποιημένου Χρηματοοικονομικού Συστήματος και των Αγορών του, Το Ωστικό Κύμα που Σαρώνει την Εργασία και το Περιβάλλον και την Πολιτική, Ρήγμα στο Αδιέξοδο: Ένας Kόσμος χωρίς τη Wall Street, Προϋπόθεση για τη Ρήξη και η Αλλαγή του Θεωρητικού Λογισμικού των Οικονομολόγων, Σχεδιασμός Συνεκτικής Πολιτικής Δράσης, Η Αλλαγή της Χρηματοοικονομικής Λογικής Απαιτεί την Αναθεώρηση της Έννοιας του Δικαιώματος Ιδιοκτησίας, Συμπέρασμα, Παραρτήματα, Βιβλιογραφία.
700 1 _aMorin Francois
_93907
942 _cBK
999 _c3120
_d3120